|
|
|
|
| LEADER |
00798nam a2200157 i 4500 |
| 001 |
misc74303 |
| 005 |
20231122110129.0 |
| 008 |
231122s1909 hu o 0|| hun d |
| 040 |
|
|
|a SZTE Miscellanea Repozitórium
|b hun
|
| 041 |
|
|
|a hun
|
| 100 |
1 |
|
|a Cholnoky Jenő
|
| 245 |
1 |
3 |
|a Az Erdélyi Múzeum-Egyesület Brassóban tartott IV. vándorgyűlésének emlékkönyvéből
|h [elektronikus dokumentum] :
|b mit beszélnek a Déli-Kárpátok az emberi művelődés hajnaláról? /
|c Cholnoky Jenő
|
| 260 |
|
|
|a Stief
|b Kolozsvár
|c 1909
|
| 300 |
|
|
|a 14
|
| 490 |
0 |
|
|a Az Erdélyi Múzeum-Egyesület Brassóban tartott IV. vándorgyűlésének emlékkönyvéből : mit beszélnek a Déli-Kárpátok az emberi művelődés hajnaláról?
|v 6
|
| 856 |
4 |
0 |
|u http://misc.bibl.u-szeged.hu/74303/1/xb_146560.pdf
|z Dokumentum-elérés
|